Interstates: Intersections with a matching digit Quiz Stats

 Plays Quiz not verified by Sporcle

Challenge
Share
Tweet
Embed
Score 0/52 Timer 06:00
0 Plays Today
State Intersection % Correct
INI-90 and I-94
89.4%
COI-70 and I-76
79.9%
PAI-70 and I-76
79.9%
ILI-90 and I-94
76.1%
MTI-90 and I-94
76.1%
WII-90 and I-94
76.1%
AZI-10 and I-17
75.5%
MAI-90 and I-95
70.1%
AZI-10 and I-19
69%
CAI-10 and I-15
67.4%
ARI-30 and I-40
64.1%
OHI-70 and I-75
64.1%
INI-80 and I-90
62.5%
CTI-91 and I-95
62.5%
OHI-80 and I-90
62.5%
MAI-93 and I-95
61.4%
OHI-70 and I-71
61.4%
MAI-90 and I-93
60.9%
KYI-71 and I-75
60.3%
OHI-71 and I-75
60.3%
GAI-75 and I-85
59.8%
ILI-80 and I-88
59.8%
LAI-10 and I-12
58.2%
MAI-90 and I-91
58.2%
OKI-40 and I-44
58.2%
OHI-70 and I-77
57.1%
State Intersection % Correct
KYI-64 and I-65
55.4%
OHI-71 and I-76
55.3%
IDI-84 and I-86
54.9%
UTI-80 and I-84
52.7%
TXI-10 and I-20
52.2%
ALI-65 and I-85
51.1%
TXI-20 and I-30
50%
PAI-80 and I-81
50%
PAI-70 and I-79
48.9%
VTI-91 and I-93
48.4%
MII-94 and I-96
48.4%
MOI-55 and I-57
47.8%
SCI-20 and I-26
47.8%
OHI-76 and I-77
47.3%
TXI-30 and I-35E
47.3%
WVI-77 and I-79
46.2%
ORI-82 and I-84
45.7%
OHI-74 and I-75
43.5%
VAI-85 and I-95
40.8%
TXI-35 and I-37
37.5%
NYI-81 and I-88
37%
PAI-76 and I-79
37%
PAI-81 and I-83
36.4%
NYI-84 and I-87
35.3%
PAI-81 and I-84
35.3%
MOI-44 and I-64
24.5%

You're not logged in!

Compare scores with friends on all Sporcle quizzes.
Join for Free
OR
Log In

You Might Also Like...

Show Comments

Extras

Top Quizzes Today


Score Distribution

Your Account Isn't Verified!

In order to create a playlist on Sporcle, you need to verify the email address you used during registration. Go to your Sporcle Settings to finish the process.

Report this User

Report this user for behavior that violates our Community Guidelines.

Details: